MyGZULibrary

Operation Crossroads Africa / (Record no. 690)

MARC details
000 -LEADER
fixed length control field 00791cam a22002531 4500
001 - CONTROL NUMBER
control field 9375785
003 - CONTROL NUMBER IDENTIFIER
control field GZU
005 - DATE AND TIME OF LATEST TRANSACTION
control field 20200910124336.0
008 - FIXED-LENGTH DATA ELEMENTS--GENERAL INFORMATION
fixed length control field 750103s1962 nyua 000 0 eng
010 ## - LIBRARY OF CONGRESS CONTROL NUMBER
LC control number 62017940
035 ## - SYSTEM CONTROL NUMBER
System control number (OCoLC)1128788
040 ## - CATALOGING SOURCE
Original cataloging agency DLC
Transcribing agency TxShA
Modifying agency OCoLC
-- DLC
042 ## - AUTHENTICATION CODE
Authentication code premarc
050 00 - LIBRARY OF CONGRESS CALL NUMBER
Classification number DT15
Item number .PLI 1962
100 1# - MAIN ENTRY--PERSONAL NAME
Personal name Plimpton, Ruth T.
Relator term author
245 10 - TITLE STATEMENT
Title Operation Crossroads Africa /
Statement of responsibility, etc. Ruth T. Plimpton
260 ## - PUBLICATION, DISTRIBUTION, ETC.
Place of publication, distribution, etc. New York,
Name of publisher, distributor, etc. Viking Press
Date of publication, distribution, etc. [1962]
300 ## - PHYSICAL DESCRIPTION
Extent 142 p.
Other physical details illus.
Dimensions 22 cm.
500 ## - GENERAL NOTE
General note Published simultaneously in Canada by The Macmillan Company of Canada Ltd
610 20 - SUBJECT ADDED ENTRY--CORPORATE NAME
Corporate name or jurisdiction name as entry element Operation Crossroads Africa.
650 #0 - SUBJECT ADDED ENTRY--TOPICAL TERM
Topical term or geographic name entry element Intercultural communication.
906 ## - LOCAL DATA ELEMENT F, LDF (RLIN)
a 7
b cbc
c oclcrpl
d u
e ncip
f 19
g y-gencatlg
942 ## - ADDED ENTRY ELEMENTS (KOHA)
Source of classification or shelving scheme Library of Congress Classification
Koha item type Books
Classification part 15
Item part PLI
Call number prefix DT
Holdings
Withdrawn status Lost status Source of classification or shelving scheme Damaged status Not for loan Collection code Home library Current library Shelving location Date acquired Total Checkouts Full call number Barcode Date last seen Copy number Price effective from Koha item type
    Library of Congress Classification     Non-fiction City Campus Library City Campus Library General Stacks 09/10/2020   DT15 PLI 1962 B016418 09/10/2020 c. 1 09/10/2020 Books